=LDR 00000nam 2200000 4500 =001 INLIS000000000008953 =005 20130612100759 =008 ***********************************Ind** =035 ##$$0010-061300000008953 =041 ##$$a Ind =082 ##$$a 959.8 =090 ##$$a 959.8, Sin m =100 ##$$a Sinaga, Kurpan =245 ##$$a Menginterupsi Pusat, Kabar Baik Revormasi Dari sinalungan, Kurpan Sinaga =260 ##$$a 2001 $b Jakarta =300 ##$$a xxvi, 196 hlm, 21 cm =650 ##$$a Indonesia - Politik dan Pemerintahan =850 ##$$a NBPNMAT